| 000 | 00761nam a2200265 i 4500 | ||
|---|---|---|---|
| 001 | 17410 | ||
| 003 | ES-MaACL | ||
| 005 | 20240229095231.0 | ||
| 007 | t| | ||
| 008 | 010302s1995 sp ||||1| spa d | ||
| 020 | _a84-7245-362-6 | ||
| 080 | _a929 Morin, Edgar | ||
| 100 | 1 |
_aMorin, Edgar. _983564 |
|
| 245 | 1 | 0 |
_aMis demonios / _cEdgar Morin ; traducción de Manuel Serrat Crespo. |
| 250 | _a1º ed. | ||
| 260 |
_aBarcelona : _bKairós, _c1995. |
||
| 300 |
_a293 p. ; _c20 cm. |
||
| 490 | 1 | _aColección Ensayo | |
| 600 | 1 | 4 |
_aMorin, Edgar. _983564 |
| 700 | 1 |
_aSerrat Crespo, Manuel. _9105816 |
|
| 830 | 0 |
_aColección Ensayo (Kairós) _9235426 |
|
| 852 |
_aES-MaACL _jL-24413 _bR.129514 |
||
| 942 | _2udc | ||
| 999 |
_c17410 _d17410 |
||